000 00503nam a22001937a 4500
003 nam a22 7a 4500
005 20230722115412.0
008 230722b |||||||| |||| 00| 0 eng d
040 _cLibrary of Congress Catalog Card
082 _a005.1
_bJHA
100 _aManish Kumar Jha
_945364
245 _aSoftware Engineering
250 _a1st
260 _aNEW DELHI
_bDhanpati Rai
_c2011
300 _a502p;
500 _aQuantity - 2
650 _aComputer Science
942 _2ddc
_cBK
_n0
999 _c61100
_d61100